000 00892nam a2200217Ia 4500
001 16584
003 GE_BSU
008 181216s||||||||xx |||||||||||||| ||und||
040 _cGE_BSU
080 _a821.353.1-1
100 _aიეთიმ-გურჯი (დაბღიშვილი, იეთიმ, 1875-1940)
245 _aრჩეული ლექსები
245 _cი. აბაშიძის შესავალი წერილით ; რედ. ი. გრიშაშვილი ; წიგნის შედგ. და ბოლოსიტყვაობა ა. ბარნოვისა
260 _aთბილისი
260 _bსაბჭ. მწერალი
260 _c1960
300 _a173გვ. : ილ. ; 15სმ
653 _aლექსები
653 _aრჩეული ლექსები
942 _cBK
999 _c49652
_d49652